| 000 | 00467nam a2200181Ia 4500 | ||
|---|---|---|---|
| 008 | 190406s9999 xx 000 0 und d | ||
| 100 | _aHendrick Bessembinder | ||
| 245 | _aDo Stocks Outperform Treasury Bills? | ||
| 245 | _cHendrick Bessembinder | ||
| 260 | _bCL | ||
| 260 | _belsevier | ||
| 260 | _c2018 | ||
| 300 | _aCL | ||
| 500 | _aJournal of Financial Economics | ||
| 650 | _xIndividual Stock Returns | ||
| 650 | _xReturn Skewness | ||
| 942 |
_2lcc _cSE |
||
| 999 |
_c361379 _d361379 |
||